000 00425nam a22001457a 4500
005 20240314145711.0
008 240314b ||||| |||| 00| 0 eng d
040 _cAL
041 _aeng
082 _223
_a658.834
_bCONS
245 _aConsumer Preferences While Purchasing Readymade Garments in Mangalore 1999-2000
260 _aMangalore
_bSt Aloysius College
_c2000
700 _aRAI (Aditya N)
_9154358
942 _2ddc
_cPRO
999 _c230343
_d230343